01258nam a2200229Ia 4500952010900000999001700109005001700126008004100143050002100184100004300205245005300248260004200301300001800343336001000361337001400371338001200385504003700397505051900434519004400953650002400997942000701021 00104070a03b03d2001-05-15l3oKGF409 R36 1981p03 000316r2017-08-05s2017-08-03t1w2012-07-20yLB c78605d7860520231102151239.0120720s1981 mx 000 0 spa d aKGF409bR36 19811 aRamírez Valenzuela, Alejandroeautor aDerecho Civilc / Alejandro Ramírez Valenzuela aMéxicob : Editora Nacionalc, 1981 a179 páginas atexto asin medio avolumen aIncluye: bibliografía (p. 179) aEl derecho - generalidades Hechos y actos jurídicos Clasificación del derecho El derecho civil Las personas La patria protestad La tutela y la emancipación Ausentes o ignorados El patrimonio familiar El parentesco El matrimonio El divorcio Obligación de proporcionar alimentos La filiación La adopción El registro civil Los bienes La propiedad Las sucesiones y la herencia Derechos de autor Los albaceas Las obligaciones Los contratos La hipoteca - otros contratos El registro público de la propiedad aMaterial Complementario / d(03 000316)14aDERECHO CIVIL91252 cLB